Word Ladder: The Force Quiz Stats

Quiz Updated Jul 22, 2015

Challenge
Share
Tweet
Embed
Score 0/10 Timer 02:00
0 Plays Today
Clue Answer % Correct
Absence of lightDARK
99.7%
Pronged eating utensilFORK
98.3%
Word commonly shouted while golfingFORE
96%
A piece of ground in or near a city or town kept for ornament and recreationPARK
93.6%
Result of combustionFIRE
92.2%
Neither front nor backSIDE
91.6%
How one addresses royaltySIRE
90.7%
Irrelevant political favors snuck into billsPORK
88.3%
LocationSITE
76.1%
Those that follow the [Rung 1] [Rung 8] of the ForceSITH
62%

Today's Daily Dose

You're not logged in!

Compare scores with friends on all Sporcle quizzes.
Sign Up with Email
OR
Log In

You Might Also Like...

Show Comments

Extras

Top Quizzes Today


Score Distribution

Your Account Isn't Verified!

In order to create a playlist on Sporcle, you need to verify the email address you used during registration. Go to your Sporcle Settings to finish the process.